000 00575nam a22001937a 4500
999 _c12991
_d12991
003 AR-CdUCM
008 190410b ||||| |||| 00| 0 spa d
040 _aMUNICIPALIDAD PROVINCIAL DEL CUSCO
_cBIBLIOTECA MUNICIPAL DEL CUSCO
082 _a869.56 /
_bC21
245 _aCanas y sus relámpagos :
_bAntología poética /
260 _aCusco :
_c1947.
300 _a52 paginas;
_c21 cm.
505 _aContenido :Poesías /
650 _aLiteratura peruana
_9169
650 _aSiglo XX
_98
650 _aColecciones
_9607
942 _2ddc
_cLIBROS
945 _arjall
_d2019-04-10